LEADER 01791nam0 22003491i 450 001 UON00095337 005 20231205102530.69 010 $a39-00-30530-7 100 $a20020107d2000 |0itac50 ba 101 $ager 102 $aAT 105 $a|||| ||||| 200 1 $aArchaologische Forschungen in Teurnia$eDie Ausgrabungen in den Wohnterrassen 1971-1978$edie latenezeitlichen Funde vom Holzer Berg$fChristian Gugl 210 $aWien Oesterreichisches Archaeologisches Institut$d2000 215 $a287 p.$d30 cm$e1 all. (c.di tav. sciolte ripieg. in cont.) 316 $aOSTERREICHISCHES ARCHAOLOGISCHES INSTITUT WIEN$5IT-UONSI N 3TEURNIA001 410 1$1001UON00087465$12001 $aSonderschriften des Osterreichisches Archaologisches Institut in Wien$v33 423 1$1001UON00363805$12001 $aˆDie ‰Ausgrabungen in den Wohnterrassen 1971-1978 423 1$1001UON00363806$12001 $aˆDie ‰latenezeitlichen Funde vom Holzer Berg 606 $aSCAVI ARCHEOLOGICI$xTeurnia (Carinzia)$3UONC028823$2FI 606 $aPROVINCIE ROMANE$xArcheologia$3UONC028824$2FI 620 $aAT$dWien$3UONL003140 676 $a943$cStoria dell'Europa centrale. Germania$v21 686 $aN3$cTOPOGRAFIA MEDITERRANEO OCCIDENTALE ED EUROPA CONTINENTALE$2A 700 1$aGUGL$bChristian$3UONV061563$0663808 712 $aOsterreichisches Archaologisches Instut$3UONV259658$4650 801 $aIT$bSOL$c20240220$gRICA 899 $aSIBA - SISTEMA BIBLIOTECARIO DI ATENEO$2UONSI 912 $aUON00095337 950 $aSIBA - SISTEMA BIBLIOTECARIO DI ATENEO$dSI N 3 TEURNIA 001 $eSI MC 23182 5 OSTERREICHISCHES ARCHAOLOGISCHES INSTITUT WIEN 996 $aArchaologische Forschungen in Teurnia$91302548 997 $aUNIOR LEADER 01003nam0 22002771i 450 001 UON00232896 005 20231205103510.791 010 $a27-11-60864-6 100 $a20030730d1984 |0itac50 ba 101 $afre 102 $aFR 105 $a|||| ||||| 200 1 $aˆLa ‰ problematique kantienne$fJoseph Moreau 210 $aParis$cVrin$d1984 215 $a159 p.$d23 cm. 606 $aKant Immanuel$3UONC041059$2FI 620 $aFR$dParis$3UONL002984 676 $a142.3$cFilosofia critica. Kantismo e neokantismo$v21 700 1$aMOREAU$bJoseph$3UONV064808$0158417 712 $aLibrairie Philosophique J. Vrin$3UONV267223$4650 801 $aIT$bSOL$c20250613$gRICA 899 $aSIBA - SISTEMA BIBLIOTECARIO DI ATENEO$2UONSI 912 $aUON00232896 950 $aSIBA - SISTEMA BIBLIOTECARIO DI ATENEO$dSI FS 03481 $eSI FP 584 5 996 $aProblematique kantienne$91233741 997 $aUNIOR